La literatura en la educación inicial e.g.b. /
Guardado en:
| Autor Principal: | |
|---|---|
| Formato: | Libro |
| Publicado: |
Rosario :
Homo Sapiens,
1998
|
| Series: | Serie Educación
|
| Materias: | |
| Etiquetas: |
Agregar Etiqueta
Sin Etiquetas, Sea el primero en etiquetar este registro!
|
| LEADER | 00953nam a22002415a 4500 | ||
|---|---|---|---|
| 001 | CEM.cems009872 | ||
| 005 | 20080710113615.0 | ||
| 008 | 130507s1998##################000#0#####d | ||
| 003 | CEMS | ||
| 020 | |a 9508081783 | ||
| 082 | 0 | 4 | |a 372.24 |
| 100 | 1 | |a Miretti, María Luisa | |
| 245 | 1 | 0 | |a La literatura en la educación inicial e.g.b. / |c María Luisa Miretti |
| 260 | |a Rosario : |b Homo Sapiens, |c 1998 | ||
| 300 | |a 99 p. | ||
| 490 | 0 | |a Serie Educación | |
| 500 | |a Red Federal de Formación Docente Continua | ||
| 505 | 0 | |a El campo literario -- La literatura y la literatura para niños -- El lenguaje literario y el lenguaje de los niños -- Función de la literatura -- El ámbito escolarizado de la literatura -- El campo didáctico de la literatura | |
| 653 | |a Educación | ||
| 653 | |a Didáctica de la literatura | ||
| 653 | |a Enseñanza general básica | ||
| 653 | |a Nivel inicial | ||
| 859 | |a CEMS |b BIB. CEMS - 11 de abril |h 372.24 |i M675 |p 20188.99 |t Ej.1 | ||
